শ্রেষ্ঠ উপন্যাস / (Record no. 3968)
[ view plain ]
| 000 -LEADER | |
|---|---|
| fixed length control field | 00678nam a2200217 a 4500 |
| 001 - CONTROL NUMBER | |
| JCCL Control Number | 3968 |
| 003 - CONTROL NUMBER IDENTIFIER | |
| JCCL marc code | BD-JhCC |
| 005 - DATE AND TIME OF LATEST TRANSACTION | |
| control field | 20220814134022.0 |
| 008 - FIXED-LENGTH DATA ELEMENTS--GENERAL INFORMATION | |
| fixed length control field | 171120s1991 bg |||| |||| 000 0 ben d |
| 035 ## - SYSTEM CONTROL NUMBER | |
| system control number | (BD-JhCC) 3968 |
| 040 ## - CATALOGING SOURCE | |
| Original cataloging agency | BD-JhCC |
| Modifying agency | BD-JhCC |
| 041 ## - LANGUAGE CODE | |
| Language code of Book | ben |
| 082 ## - DEWEY DECIMAL CLASSIFICATION NUMBER | |
| Classification number | 891.443 |
| Author mark and Year | MIL 1991 |
| 100 ## - MAIN ENTRY--PERSONAL NAME | |
| Personal name | মিলন, ইমদাদুল হক |
| 245 ## - TITLE STATEMENT | |
| Title | শ্রেষ্ঠ উপন্যাস / |
| Statement of responsibility, etc | ইমদাদুল হক মিলন |
| 260 ## - PUBLICATION, DISTRIBUTION, ETC. (IMPRINT) | |
| Place of publication, distribution, etc | ঢাকা : |
| Name of publisher, distributor, etc | বিদ্যাপ্রকাশ, |
| Date of publication, distribution, etc | ১৯৯১. |
| 300 ## - PHYSICAL DESCRIPTION | |
| Pagination | ৫১১ পৃ. : |
| Dimensions | ২১ সেমি. |
| 650 ## - SUBJECT ADDED ENTRY--TOPICAL TERM | |
| Topical term or geographic name as entry element | Selected novel |
| 942 ## - ADDED ENTRY ELEMENTS (KOHA) | |
| Source of classification or shelving scheme | Dewey Decimal Classification |
| Koha item type | Books |
| Koha issues (borrowed), all copies | 3 |
| Source of classification or shelving scheme | Damaged status | Not for loan | Home library | Current library | Shelving location | Date of accession | Cost, normal purchase price | Total Checkouts | Full call number | Barcode | Date last seen | Date checked out | Copy number | Koha item type |
|---|---|---|---|---|---|---|---|---|---|---|---|---|---|---|
| Dewey Decimal Classification | JCC Rouf Library | JCC Rouf Library | General Stacks | 11/20/2017 | 250.00 | 2 | 891.443 MIL 1991 | 4925 | 08/21/2022 | 08/14/2022 | C-1 | Books |